00389nam a22001331a 4500003000600000005001700006008004100023245005000064260003100114300001000145490004000155650004000195700002000235NEGST20110718132026.0030714s1973 nyu 001 0 eng d00aAdult basic education I /cI.I.A.L.M.h[Text] aNew YorkbI.I.A.L.M.c1973 a157p.0 aLiteracy Discussion; Vol 4; no. 1-2 0aLiteracy programsxAdult educaiton.1 aCass, Angelica.